000 00579nam a2200205Ia 4500
005 20250508151543.0
008 008 250505s9999 xx 000 0 eng d
037 _aTextual
040 _aFEDL
_beng
_cFEDL
041 _aeng
_2eng
084 _a371.3, KAR
_qFEDL
100 _aKarch Randolph
_9759476
245 0 _a250 Teaching techniques
260 _aMil Waukee
_bThe Bruce Publishing Company
_c1943
300 _a131p
650 _aTeaching Technique
700 _a Estabrooke Edward C
_9759477
942 _cTEXL
_h371.3, KAR
999 _c1330581
_d1330581